5-Star Actors III Quiz Stats

 Plays Quiz Updated Jul 2, 2016

Also try: 5-Star Actors
Challenge
Share
Tweet
Embed
Score 0/60 Timer 08:00
5 Plays Today
% Correct
Grease
95.9%
Saturday Night Fever
92%
Footloose
89.9%
The Shawshank Redemption
87.9%
The Sixth Sense
87%
Ocean's Eleven
86.6%
Groundhog Day
86.2%
Ghostbusters
84.1%
Taken
83.8%
Armageddon
83.1%
Fight Club
80.8%
O Brother, Where Art Thou?
80.7%
Schindler's List
80.3%
True Grit
79.4%
Bruce Almighty
79.3%
American History X
78.1%
Lost In Translation
78.1%
The Fifth Element
75.7%
Se7en
75.6%
12 Monkeys
74.2%
Apollo 13
73.5%
Swordfish
72.8%
The Great Escape
72.3%
Apocalypse Now
71.4%
The Dark Knight
69.3%
Reservoir Dogs
69.2%
Michael Clayton
68.5%
Sin City
68.2%
The Life Aquatic with Steve Zissou
67.9%
Three Kings
66.8%
% Correct
The Magnificent Seven
65.7%
Broken Arrow
65.4%
Invictus
65.3%
The Incredible Hulk
65.1%
Rio Bravo
62.9%
Bullitt
62.5%
Mystic River
60.1%
Leatherheads
59.2%
The Illusionist
56.7%
The Towering Inferno
54.6%
The General's Daughter
54.5%
The American President
54%
Sleepers
51.6%
The Quiet Man
50.4%
The Searchers
50.2%
The Departed
50%
Clash of the Titans
48.3%
Michael Collins
47.2%
Bad Lieutenant
44.1%
The Longest Day
41.8%
The Piano
39.1%
Broken Flowers
35.4%
25th Hour
34.5%
Unknown
33.6%
The Blob
31.6%
Badlands
30.9%
Murder in the First
26.9%
Clockers
24%
Smoke
22.8%
Talk To Me
14.2%

You're not logged in!

Compare scores with friends on all Sporcle quizzes.
Join for Free
OR
Log In

You Might Also Like...

Show Comments

Extras

Top Quizzes Today


Score Distribution

Your Account Isn't Verified!

In order to create a playlist on Sporcle, you need to verify the email address you used during registration. Go to your Sporcle Settings to finish the process.

Report this User

Report this user for behavior that violates our Community Guidelines.

Details: